000 00440nam a2200181Ia 4500
008 151018s9999 xx 000 0 und d
082 _bRBASDV4918
_a910
100 _aJ. H. Dave
245 _aImmortal india Vol 3
250 _b1
260 _bBharatiya Vidye Bhavan
_c1960
300 _a239
600 _aJ. H. Dave
630 _aImmortal india Vol 3
700 _aJ. H. Dave
730 _aImmortal india Vol 3
942 _cBOOK
999 _c1007302
_d1007299